|
|
|
|
| LEADER |
00908cam a2200241 7i4500 |
| 001 |
0000037472 |
| 005 |
20170218090000.0 |
| 020 |
|
|
|a 9780470466063 (pbk.)
|
| 020 |
|
|
|a 0470466065 (pbk.)
|
| 090 |
0 |
0 |
|a TR267
|b .B83 2009
|
| 100 |
1 |
|
|a Busch, David D
|
| 245 |
1 |
0 |
|a Digital SLR cameras & photography for dummies
|c by David D. Busch.
|
| 246 |
3 |
|
|a Digital single lens reflex cameras and photography for dummies.
|
| 246 |
3 |
|
|a Digital SLR cameras and photography for dummies.
|
| 250 |
|
|
|a 3rd ed.
|
| 260 |
|
|
|a Indianapolis, IN:
|b Wiley Pub.,
|c 2009.
|
| 300 |
|
|
|a xviii, 330 p.:
|b col. ill.;
|c 24 cm.
|
| 490 |
0 |
|
|a For dummies
|
| 650 |
0 |
0 |
|a Photograph --
|x Digital techniques
|
| 650 |
0 |
0 |
|a Single-lens reflex cameras
|
| 997 |
|
|
|a Communication, Visual Art & Computing, Faculty
|b Visual Art, Department
|
| 998 |
|
|
|a Photographic Technology, Diploma
|
| 999 |
|
|
|a 0000049453
|b BOK
|c OPEN SHELF
|e 2nd Floor, Bestari Jaya
|